[Event "Liga Madrileña - DH 2016-2017"]
[Site "Madrid ESP"]
[Date "2016.12.11"]
[Round "3.22"]
[White "Suarez Uriel, Adrian"]
[Black "Fernandez Lledo, Javier"]
[Result "0-1"]
[WhiteElo "2354"]
[BlackElo "2239"]
[PlyCount "86"]
[EventDate "2016.11.20"]
[EventType "team-tourn"]
[EventRounds "14"]
[EventCountry "ESP"]
[SourceTitle "Ajedrez en Madrid"]
[Source "lmi"]
[SourceDate "2016.11.20"]
[WhiteTeam "La Casa del Ajedrez"]
[BlackTeam "Pueblo Nuevo"]
[WhiteTeamCountry "ESP"]
[BlackTeamCountry "ESP"]

1. e4 c5 2. Nf3 e6 3. b3 b6 4. Bb2 Bb7 5. Qe2 a6 6. d4 cxd4 7. Nxd4 Bb4+ 8. Nd2
Qc7 9. c3 Be7 10. c4 Bf6 11. N2f3 d6 12. g4 h6 13. h4 Nd7 14. Rh3 Nc5 15. g5
hxg5 16. hxg5 Rxh3 17. Bxh3 Bxd4 18. Bxd4 e5 19. Bxc5 Qxc5 20. g6 fxg6 21. Ng5
Qb4+ 22. Kf1 Nf6 23. Qd3 Ke7 24. a3 Qc5 25. b4 Qd4 26. Qxd4 exd4 27. Bg2 Rc8
28. Rc1 Nh5 29. Bh3 Rf8 30. Rd1 Nf4 31. Rxd4 Kf6 32. Ne6 Ke5 33. Nxf4 Rxf4 34.
Rd1 Bxe4 35. Bc8 a5 36. bxa5 bxa5 37. Ba6 Rh4 38. Ke2 Rh3 39. Ra1 Bd3+ 40. Kd2
Kd4 41. Rg1 Bf5 42. a4 Ra3 43. Ke2 Bd3+ 0-1

[Event "Liga Madrileña - DH 2016-2017"]
[Site "Madrid ESP"]
[Date "2016.12.11"]
[Round "3.23"]
[White "Baigorri Navarro, Francisco Javier"]
[Black "Bass, Leonid"]
[Result "1/2-1/2"]
[WhiteElo "2192"]
[BlackElo "2368"]
[PlyCount "44"]
[EventDate "2016.11.20"]
[EventType "team-tourn"]
[EventRounds "14"]
[EventCountry "ESP"]
[SourceTitle "Ajedrez en Madrid"]
[Source "lmi"]
[SourceDate "2016.11.20"]
[WhiteTeam "Pueblo Nuevo"]
[BlackTeam "La Casa del Ajedrez"]
[WhiteTeamCountry "ESP"]
[BlackTeamCountry "ESP"]

1. Nf3 Nf6 2. c4 c5 3. Nc3 b6 4. g3 Bb7 5. Bg2 g6 6. O-O Bg7 7. d4 cxd4 8. Qxd4
O-O 9. Qh4 d6 10. Bh6 Nbd7 11. Rad1 Rc8 12. b3 Rc5 13. Ng5 Bxg2 14. Kxg2 Re8
15. Nd5 Bh8 16. Nf3 Qa8 17. Be3 Rcc8 18. Bg5 b5 19. Nxf6+ exf6 20. Be3 bxc4 21.
Rxd6 Ne5 22. Qd4 a5 1/2-1/2

[Event "Liga Madrileña - DH 2016-2017"]
[Site "Madrid ESP"]
[Date "2016.12.11"]
[Round "3.24"]
[White "Elguezabal Varela, Daniel"]
[Black "Nieto de la Cruz, Julio"]
[Result "1-0"]
[WhiteElo "2345"]
[BlackElo "2144"]
[PlyCount "51"]
[EventDate "2016.11.20"]
[EventType "team-tourn"]
[EventRounds "14"]
[EventCountry "ESP"]
[SourceTitle "Ajedrez en Madrid"]
[Source "lmi"]
[SourceDate "2016.11.20"]
[WhiteTeam "La Casa del Ajedrez"]
[BlackTeam "Pueblo Nuevo"]
[WhiteTeamCountry "ESP"]
[BlackTeamCountry "ESP"]

1. d4 g6 2. Nf3 Bg7 3. g3 c5 4. c4 cxd4 5. Nxd4 Nc6 6. Nxc6 dxc6 7. Qc2 Nf6 8.
Bg2 h5 9. h3 Qc7 10. e4 h4 11. g4 e5 12. Be3 Nd7 13. O-O Nf8 14. Nd2 Ne6 15. c5
b5 16. cxb6 axb6 17. b4 O-O 18. a4 Rd8 19. Nf3 Bf8 20. Qc3 c5 21. bxc5 Bxc5 22.
Bxc5 Nxc5 23. Rfc1 Qe7 24. Nxe5 Nxa4 25. Rxa4 Rxa4 26. Nc6 1-0

[Event "Liga Madrileña - DH 2016-2017"]
[Site "Madrid ESP"]
[Date "2016.12.11"]
[Round "3.25"]
[White "Barez Menendez, Hector"]
[Black "Gil Quilez, David"]
[Result "1/2-1/2"]
[WhiteElo "2142"]
[BlackElo "2208"]
[PlyCount "51"]
[EventDate "2016.11.20"]
[EventType "team-tourn"]
[EventRounds "14"]
[EventCountry "ESP"]
[SourceTitle "Ajedrez en Madrid"]
[Source "lmi"]
[SourceDate "2016.11.20"]
[WhiteTeam "Pueblo Nuevo"]
[BlackTeam "La Casa del Ajedrez"]
[WhiteTeamCountry "ESP"]
[BlackTeamCountry "ESP"]

1. Nf3 f5 2. d4 Nf6 3. g3 g6 4. Bg2 Bg7 5. O-O O-O 6. c4 d6 7. Nc3 Nc6 8. d5
Na5 9. Nd2 c5 10. Rb1 e5 11. dxe6 Bxe6 12. b4 cxb4 13. Rxb4 d5 14. cxd5 Nxd5
15. Nxd5 Bxd5 16. Nb3 Bxg2 17. Kxg2 Qxd1 18. Rxd1 Nxb3 19. axb3 Rf7 20. Be3 a6
21. Rb6 Rc8 22. Rd5 Rcc7 23. Rd8+ Rf8 24. Rd5 Rff7 25. Rd8+ Rf8 26. Rd5 1/2-1/2

[Event "Liga Madrileña - DH 2016-2017"]
[Site "Madrid ESP"]
[Date "2016.12.11"]
[Round "3.31"]
[White "Cortes Jurado, Rafael"]
[Black "Valles Moreno, Ivan"]
[Result "0-1"]
[WhiteElo "2119"]
[BlackElo "2438"]
[PlyCount "66"]
[EventDate "2016.11.20"]
[EventType "team-tourn"]
[EventRounds "14"]
[EventCountry "ESP"]
[SourceTitle "Ajedrez en Madrid"]
[Source "lmi"]
[SourceDate "2016.11.20"]
[WhiteTeam "Moratalaz"]
[BlackTeam "Liberty Chess"]
[WhiteTeamCountry "ESP"]
[BlackTeamCountry "ESP"]

1. d4 Nf6 2. c4 g6 3. Nc3 Bg7 4. e4 d6 5. f3 O-O 6. Be3 b6 7. Nge2 c5 8. d5 e6
9. Nf4 exd5 10. Nfxd5 Nc6 11. Qd2 Nxd5 12. Nxd5 Be6 13. Be2 Nd4 14. O-O b5 15.
Rae1 Bxd5 16. cxd5 f5 17. Kh1 Rb8 18. Bd1 fxe4 19. fxe4 Qh4 20. Rf4 Qe7 21.
Bxd4 Bxd4 22. Bg4 Rxf4 23. Qxf4 Rf8 24. Be6+ Kg7 25. Qd2 Rf2 26. Qd3 a6 27. b4
Qf6 28. bxc5 dxc5 29. a4 c4 30. Qb1 Rxg2 31. Rf1 Rf2 32. Rxf2 Qxf2 33. Qd1 c3
0-1

[Event "Liga Madrileña - DH 2016-2017"]
[Site "Madrid ESP"]
[Date "2016.12.11"]
[Round "3.32"]
[White "Perez Gonzalez, Jose Manuel"]
[Black "Mansilla Tolosa, Luis Eduardo"]
[Result "1-0"]
[WhiteElo "2322"]
[BlackElo "2057"]
[PlyCount "65"]
[EventDate "2016.11.20"]
[EventType "team-tourn"]
[EventRounds "14"]
[EventCountry "ESP"]
[SourceTitle "Ajedrez en Madrid"]
[Source "lmi"]
[SourceDate "2016.11.20"]
[WhiteTeam "Liberty Chess"]
[BlackTeam "Moratalaz"]
[WhiteTeamCountry "ESP"]
[BlackTeamCountry "ESP"]

1. e4 c5 2. Nf3 d6 3. d4 cxd4 4. Nxd4 Nf6 5. Nc3 a6 6. Bc4 e6 7. O-O Be7 8. a3
Nxe4 9. Nxe4 d5 10. Qg4 dxe4 11. Rd1 O-O 12. Nxe6 Bxe6 13. Bxe6 Qc7 14. Bf4
Qxc2 15. Be5 g6 16. Rac1 Qa4 17. Bc4 Nc6 18. Qxe4 Qa5 19. Bc3 Qc7 20. Bd5 Rad8
21. h4 Rd6 22. Be5 Rfd8 23. Bxd6 Rxd6 24. Bxc6 bxc6 25. Rxd6 Qxd6 26. Qxc6 Qe5
27. Qxa6 h5 28. Qc8+ Kh7 29. Qc4 Qxb2 30. Qxf7+ Kh6 31. Qf4+ Kg7 32. a4 Bd6 33.
Qc4 1-0

[Event "Liga Madrileña - DH 2016-2017"]
[Site "Madrid ESP"]
[Date "2016.12.11"]
[Round "3.33"]
[White "Cobo Diego, Fidel"]
[Black "Sanchez Gonzalez, Sergio"]
[Result "0-1"]
[WhiteElo "2056"]
[BlackElo "2282"]
[PlyCount "142"]
[EventDate "2016.11.20"]
[EventType "team-tourn"]
[EventRounds "14"]
[EventCountry "ESP"]
[SourceTitle "Ajedrez en Madrid"]
[Source "lmi"]
[SourceDate "2016.11.20"]
[WhiteTeam "Moratalaz"]
[BlackTeam "Liberty Chess"]
[WhiteTeamCountry "ESP"]
[BlackTeamCountry "ESP"]

1. e4 c5 2. Nf3 e6 3. d4 cxd4 4. Nxd4 Nf6 5. Nc3 d6 6. Be2 a6 7. O-O Qc7 8. a4
Nc6 9. Be3 Be7 10. f4 O-O 11. Kh1 Re8 12. Bf3 Bf8 13. g4 Nxd4 14. Bxd4 e5 15.
Be3 exf4 16. Bxf4 Be6 17. g5 Nd7 18. Nd5 Bxd5 19. exd5 Ne5 20. b3 Qc3 21. Bg2
Rac8 22. Rc1 g6 23. Bd2 Qc5 24. Bf4 Qc3 25. Bd2 Qc5 26. Bf4 Bg7 27. c4 Re7 28.
Bg3 b6 29. Bf2 Qc7 30. Bh3 Rb8 31. Bd4 Qb7 32. Bg2 Qd7 33. Rc3 Qg4 34. Rg3 Qxd1
35. Rxd1 Nd7 36. Bh3 Nc5 37. Bxc5 bxc5 38. Bg4 Bd4 39. Rf3 Re3 40. Rdf1 Re7 41.
h4 Re4 42. Rf4 Rxf4 43. Rxf4 Rxb3 44. Bc8 a5 45. Bd7 Be5 46. Re4 Kg7 47. Kg2 h6
48. Rg4 Rb2+ 49. Kf3 Rh2 50. Be8 Bd4 51. Rf4 Rf2+ 52. Kg3 Rxf4 53. Kxf4 h5 54.
Kf3 Bc3 55. Kg3 Be1+ 56. Kh3 Kf8 57. Bc6 Ke7 58. Bb5 Bf2 59. Bc6 f6 60. gxf6+
Kxf6 61. Be8 Be1 62. Bd7 Ke5 63. Bb5 Kd4 64. Ba6 Kc3 65. Bb5 Kb4 66. Kg2 Bxh4
67. Kf3 Bf6 68. Kf4 g5+ 69. Kg3 Be5+ 70. Kh3 g4+ 71. Kh4 Bf4 0-1

[Event "Liga Madrileña - DH 2016-2017"]
[Site "Madrid ESP"]
[Date "2016.12.11"]
[Round "3.34"]
[White "Paredes Sanchez, Juan Antonio"]
[Black "Gonzalez Rivera, Eduardo"]
[Result "1-0"]
[WhiteElo "2177"]
[BlackElo "2040"]
[PlyCount "111"]
[EventDate "2016.11.20"]
[EventType "team-tourn"]
[EventRounds "14"]
[EventCountry "ESP"]
[SourceTitle "Ajedrez en Madrid"]
[Source "lmi"]
[SourceDate "2016.11.20"]
[WhiteTeam "Liberty Chess"]
[BlackTeam "Moratalaz"]
[WhiteTeamCountry "ESP"]
[BlackTeamCountry "ESP"]

1. e4 e5 2. Nf3 Nc6 3. Bb5 a6 4. Bxc6 dxc6 5. O-O Bg4 6. h3 h5 7. d3 Qf6 8.
Nbd2 Bd6 9. Re1 Bxf3 10. Nxf3 Ne7 11. d4 Qe6 12. dxe5 Bxe5 13. Nxe5 Qxe5 14.
Qf3 g5 15. Bd2 g4 16. hxg4 hxg4 17. Qxg4 Qh2+ 18. Kf1 Rg8 19. Qh3 Qxh3 20. gxh3
O-O-O 21. Bc3 Ng6 22. Rad1 Rde8 23. Rd3 Ne5 24. Rde3 c5 25. h4 Nc6 26. Rg3 Nd4
27. Rxg8 Rxg8 28. Rd1 Rg4 29. Bxd4 cxd4 30. Rxd4 Rxh4 31. Ke2 f5 32. Ke3 fxe4
33. Rxe4 Rh3+ 34. Kf4 Kd7 35. Kg4 Rh1 36. Re2 Rg1+ 37. Kf4 b5 38. f3 Rb1 39. c3
c5 40. a3 a5 41. Kf5 b4 42. axb4 cxb4 43. cxb4 axb4 44. f4 Rc1 45. Kg5 Rc8 46.
f5 Rg8+ 47. Kf6 Rg3 48. Kf7 b3 49. Rd2+ Kc6 50. f6 Kc7 51. Kf8 Kc6 52. f7 Kc7
53. Rd4 Rg2 54. Ke7 Re2+ 55. Kf6 Rf2+ 56. Ke6 1-0

[Event "Liga Madrileña - DH 2016-2017"]
[Site "Madrid ESP"]
[Date "2016.12.11"]
[Round "3.35"]
[White "Garcia Gonzalez, Jesus"]
[Black "Suarez Triguero, Jose Alfonso"]
[Result "1/2-1/2"]
[WhiteElo "2033"]
[BlackElo "2100"]
[PlyCount "188"]
[EventDate "2016.11.20"]
[EventType "team-tourn"]
[EventRounds "14"]
[EventCountry "ESP"]
[SourceTitle "Ajedrez en Madrid"]
[Source "lmi"]
[SourceDate "2016.11.20"]
[WhiteTeam "Moratalaz"]
[BlackTeam "Liberty Chess"]
[WhiteTeamCountry "ESP"]
[BlackTeamCountry "ESP"]

1. d4 Nf6 2. Bg5 d5 3. Bxf6 exf6 4. e3 c5 5. g3 cxd4 6. exd4 Nc6 7. Bg2 Qb6 8.
Qe2+ Be6 9. c3 Be7 10. Nh3 Bxh3 11. Bxh3 O-O 12. O-O Rad8 13. Qc2 Qc7 14. Qd3
g6 15. Nd2 f5 16. f4 a6 17. Bg2 b5 18. a4 Qb6 19. axb5 axb5 20. b4 Rd7 21. Rf2
Bf6 22. Nb3 Re8 23. Bf1 Rb8 24. Nc5 Ra7 25. Rfa2 Rxa2 26. Rxa2 Qd8 27. Ra6 Qe8
28. Qe2 Qc8 29. Kh1 Nxd4 30. cxd4 Bxd4 31. Ra2 Bc3 32. Nd3 d4 33. Qe5 Ra8 34.
Ra5 Rxa5 35. bxa5 Qa8+ 36. Kg1 Qxa5 37. Qe8+ Kg7 38. Ne5 Qa2 39. Qxb5 d3 40.
Qxd3 Qb2 41. Nf3 Bf6 42. Qd2 Qb6+ 43. Kg2 h5 44. Bc4 Qb7 45. Qd5 Qxd5 46. Bxd5
Bc3 47. Ne5 f6 48. Nc4 Bb4 49. Kf3 Bc5 50. Be6 Kf8 51. Ne3 Ke7 52. Bc8 Kf8 53.
Nd5 Kg7 54. Be6 Bg1 55. h3 Bc5 56. Nc7 Ba7 57. Nd5 Bc5 58. Ke2 Bd4 59. Ne3 Ba7
60. Nd1 Bd4 61. Nf2 h4 62. g4 fxg4 63. hxg4 g5 64. fxg5 fxg5 65. Ne4 Kh6 66.
Kd3 Be5 67. Nf2 Bg3 68. Nh3 Kg6 69. Ke4 Kf6 70. Bc4 Be5 71. Kd5 Bf4 72. Bf1 Be3
73. Ke4 Ba7 74. Bb5 Bb6 75. Kf3 Bd8 76. Nf2 Ke5 77. Bf1 Kd4 78. Ne4 Be7 79. Bg2
Kd3 80. Bf1+ Kd4 81. Nf2 Bd6 82. Ne4 Be7 83. Nd2 Bb4 84. Nc4 Be7 85. Ne3 Ke5
86. Nf5 Bd8 87. Be2 Ba5 88. Ke3 Bb6+ 89. Kf3 Ba5 90. Nh6 Bc7 91. Nf7+ Kf6 92.
Bc4 Bb8 93. Ke4 Bc7 94. Ke3 Bb6+ 1/2-1/2

[Event "Liga Madrileña - DH 2016-2017"]
[Site "Madrid ESP"]
[Date "2016.12.11"]
[Round "3.36"]
[White "Hinojar Diez, David"]
[Black "Garcia Ruido, Ricardo"]
[Result "1/2-1/2"]
[WhiteElo "2105"]
[BlackElo "2000"]
[PlyCount "61"]
[EventDate "2016.11.20"]
[EventType "team-tourn"]
[EventRounds "14"]
[EventCountry "ESP"]
[SourceTitle "Ajedrez en Madrid"]
[Source "lmi"]
[SourceDate "2016.11.20"]
[WhiteTeam "Liberty Chess"]
[BlackTeam "Moratalaz"]
[WhiteTeamCountry "ESP"]
[BlackTeamCountry "ESP"]

1. e4 e5 2. Nf3 Nc6 3. Bb5 a6 4. Ba4 Nf6 5. O-O Be7 6. Re1 b5 7. Bb3 d6 8. c3
O-O 9. h3 Na5 10. Bc2 c5 11. d3 Bb7 12. Nbd2 Qc7 13. Nf1 Rfe8 14. Ng3 g6 15.
Bg5 Nd7 16. Bxe7 Rxe7 17. Qc1 Nf8 18. Qg5 Ne6 19. Qh6 Qd8 20. Rad1 Qf8 21. Qd2
Nc6 22. Ne2 Rc8 23. Bb3 Na5 24. Bd5 Bxd5 25. exd5 Nc7 26. c4 Nb7 27. Ng3 Nd8
28. Nf5 Re8 29. Re4 Rb8 30. Rh4 f6 31. Rg4 1/2-1/2

[Event "Liga Madrileña - DH 2016-2017"]
[Site "Madrid ESP"]
[Date "2016.12.10"]
[Round "3.41"]
[White "Moreno Trujillo, Alejandro"]
[Black "Granda Zuñiga, Julio E"]
[Result "1/2-1/2"]
[WhiteElo "2488"]
[BlackElo "2646"]
[PlyCount "81"]
[EventDate "2016.11.20"]
[EventType "team-tourn"]
[EventRounds "14"]
[EventCountry "ESP"]
[SourceTitle "Ajedrez en Madrid"]
[Source "lmi"]
[SourceDate "2016.11.20"]
[WhiteTeam "64 Villalba"]
[BlackTeam "Collado Villalba"]
[WhiteTeamCountry "ESP"]
[BlackTeamCountry "ESP"]

1. d4 g6 2. Nf3 Bg7 3. c4 d6 4. e4 Bg4 5. Be2 Nc6 6. Be3 e5 7. d5 Bxf3 8. Bxf3
Nd4 9. Bxd4 exd4 10. Nd2 c5 11. dxc6 bxc6 12. b4 Ne7 13. O-O a5 14. b5 a4 15.
Rb1 O-O 16. c5 dxc5 17. b6 Rb8 18. Nc4 Nc8 19. b7 Nd6 20. Qxa4 Rxb7 21. Rxb7
Nxb7 22. Qxc6 Na5 23. Qxc5 Nxc4 24. Qxc4 d3 25. Rd1 d2 26. Qb4 Bh6 27. g3 Qa8
28. Qb3 Rb8 29. Qd5 Qxd5 30. exd5 Ra8 31. Kf1 Rxa2 32. Ke2 Ra8 33. Bg2 Re8+ 34.
Kf1 Kf8 35. f4 Re1+ 36. Rxe1 dxe1=Q+ 37. Kxe1 Ke7 38. Ke2 Bg7 39. Kd3 Kd6 40.
Ke4 Bc3 41. Kd3 1/2-1/2

[Event "Liga Madrileña - DH 2016-2017"]
[Site "Madrid ESP"]
[Date "2016.12.10"]
[Round "3.42"]
[White "Vazquez Igarza, Renier"]
[Black "Perez Mitjans, Orelvis"]
[Result "1-0"]
[WhiteElo "2566"]
[BlackElo "2432"]
[PlyCount "90"]
[EventDate "2016.11.20"]
[EventType "team-tourn"]
[EventRounds "14"]
[EventCountry "ESP"]
[SourceTitle "Ajedrez en Madrid"]
[Source "lmi"]
[SourceDate "2016.11.20"]
[WhiteTeam "Collado Villalba"]
[BlackTeam "64 Villalba"]
[WhiteTeamCountry "ESP"]
[BlackTeamCountry "ESP"]

1. d4 Nf6 2. c4 g6 3. Nf3 Bg7 4. g3 O-O 5. Bg2 d6 6. O-O Nc6 7. Nc3 e5 8. dxe5
Nxe5 9. Nxe5 dxe5 10. Qxd8 Rxd8 11. Bg5 Rd4 12. Rad1 c6 13. b3 Bf5 14. h3 Rad8
15. Rc1 Ra8 16. Be3 Rdd8 17. g4 Be6 18. Rfd1 Rxd1+ 19. Rxd1 Bf8 20. g5 Nh5 21.
h4 h6 22. Ne4 hxg5 23. hxg5 Nf4 24. Bf1 Be7 25. Bc5 Kf8 26. e3 Nh3+ 27. Kh2 Bg4
28. Rd2 Bxc5 29. Bxh3 Bb4 30. Bxg4 Bxd2 31. Nxd2 a5 32. Nf3 Rd8 33. Kg3 e4 34.
Nd4 c5 35. Nb5 Rd2 36. Nc3 Rc2 37. Nxe4 b6 38. a4 Rb2 39. Bd7 Rxb3 40. Bb5 Rd3
41. Nf6 Rd6 42. Nd5 Kg7 43. f4 Kf8 44. e4 Re6 45. e5 Kg7 1-0

[Event "Liga Madrileña - DH 2016-2017"]
[Site "Madrid ESP"]
[Date "2016.12.10"]
[Round "3.43"]
[White "Rodriguez Cespedes, Amador"]
[Black "Moreno Ruiz, Javier"]
[Result "1-0"]
[WhiteElo "2424"]
[BlackElo "2448"]
[PlyCount "95"]
[EventDate "2016.11.20"]
[EventType "team-tourn"]
[EventRounds "14"]
[EventCountry "ESP"]
[SourceTitle "Ajedrez en Madrid"]
[Source "lmi"]
[SourceDate "2016.11.20"]
[WhiteTeam "64 Villalba"]
[BlackTeam "Collado Villalba"]
[WhiteTeamCountry "ESP"]
[BlackTeamCountry "ESP"]

1. e4 e5 2. Nf3 Nc6 3. Bb5 a6 4. Ba4 Nf6 5. O-O Be7 6. Re1 b5 7. Bb3 d6 8. c3
O-O 9. h3 Na5 10. Bc2 c5 11. d4 Qc7 12. Nbd2 cxd4 13. cxd4 Rd8 14. d5 Bd7 15.
Nf1 Rdc8 16. Ne3 Nb7 17. b3 Nc5 18. Nd2 a5 19. a3 g6 20. g4 h5 21. Kg2 hxg4 22.
hxg4 Nd3 23. Bxd3 Qc3 24. Ra2 Qxd3 25. f3 a4 26. b4 Bd8 27. Ndf1 Qxd1 28. Rxd1
Rc3 29. Bb2 Rb3 30. Kf2 Bb6 31. Ke2 Rc8 32. Rd3 Rxd3 33. Kxd3 Nh7 34. Ra1 Ng5
35. Ke2 Bd4 36. Bxd4 exd4 37. Nd1 f5 38. gxf5 gxf5 39. Nd2 Kf7 40. Kd3 Kf6 41.
Kxd4 fxe4 42. Nxe4+ Nxe4 43. fxe4 Rc4+ 44. Kd3 Ke5 45. Nf2 Be8 46. Rg1 Kf6 47.
Ng4+ Ke7 48. Ne3 1-0

[Event "Liga Madrileña - DH 2016-2017"]
[Site "Madrid ESP"]
[Date "2016.12.10"]
[Round "3.44"]
[White "Gascon del Nogal, Jose Rafael"]
[Black "Longa Yauca, Javier"]
[Result "1-0"]
[WhiteElo "2442"]
[BlackElo "2353"]
[PlyCount "93"]
[EventDate "2016.11.20"]
[EventType "team-tourn"]
[EventRounds "14"]
[EventCountry "ESP"]
[SourceTitle "Ajedrez en Madrid"]
[Source "lmi"]
[SourceDate "2016.11.20"]
[WhiteTeam "Collado Villalba"]
[BlackTeam "64 Villalba"]
[WhiteTeamCountry "ESP"]
[BlackTeamCountry "ESP"]

1. e4 e6 2. d4 d5 3. Nc3 Nf6 4. e5 Nfd7 5. f4 c5 6. Nf3 Nc6 7. Be3 cxd4 8. Nxd4
Bc5 9. Qd2 O-O 10. O-O-O Qe7 11. Kb1 Nb6 12. Qf2 Nxd4 13. Bxd4 Bxd4 14. Qxd4
Bd7 15. Bd3 Rfc8 16. b3 Qa3 17. Ne2 Rc7 18. Rhf1 Rac8 19. Rf3 Qa5 20. Qb2 Bb5
21. Nd4 Bxd3 22. Rfxd3 Nd7 23. Rg3 Qc5 24. f5 Re8 25. Qc1 exf5 26. Nxf5 g6 27.
Nh6+ Kf8 28. Ng4 h5 29. Qh6+ Kg8 30. Ne3 Nxe5 31. Rxd5 Qc3 32. Qxh5 Rd7 33. Qd1
Red8 34. Rxd7 Rxd7 35. Nd5 Qc6 36. c4 Kg7 37. Qd4 f6 38. Rh3 Qe6 39. Qf4 Nf7
40. Qxf6+ Qxf6 41. Rh7+ Kf8 42. Nxf6 Rd2 43. g4 Ne5 44. Rxb7 Nd3 45. Rd7 Rb2+
46. Ka1 Rd2 47. a3 1-0

[Event "Liga Madrileña - DH 2016-2017"]
[Site "Madrid ESP"]
[Date "2016.12.10"]
[Round "3.45"]
[White "Ruperez Benito, Antonio"]
[Black "Ortega Ruiz, Jose Miguel"]
[Result "1-0"]
[WhiteElo "2313"]
[BlackElo "2233"]
[PlyCount "81"]
[EventDate "2016.11.20"]
[EventType "team-tourn"]
[EventRounds "14"]
[EventCountry "ESP"]
[SourceTitle "Ajedrez en Madrid"]
[Source "lmi"]
[SourceDate "2016.11.20"]
[WhiteTeam "64 Villalba"]
[BlackTeam "Collado Villalba"]
[WhiteTeamCountry "ESP"]
[BlackTeamCountry "ESP"]

1. e4 e5 2. Nf3 Nc6 3. Bc4 Nf6 4. d3 Be7 5. Nbd2 O-O 6. O-O d6 7. c3 Na5 8. Bb5
a6 9. Ba4 b5 10. Bc2 c5 11. a3 Re8 12. b4 Nc6 13. Bb2 Bf8 14. Re1 Bb7 15. d4
exd4 16. cxd4 cxb4 17. d5 Ne5 18. axb4 Nfd7 19. Nd4 Nb6 20. f4 Nec4 21. Bc3
Nxd2 22. Qxd2 Nc4 23. Qd3 g6 24. Nf5 Bc8 25. Ne3 Qb6 26. Bd4 Qc7 27. Bb3 Nxe3
28. Qxe3 Bg7 29. Rac1 Qd7 30. e5 Bb7 31. e6 Bxd4 32. Qxd4 Qe7 33. f5 Rac8 34.
f6 Qd8 35. Rxc8 Bxc8 36. Qh4 h5 37. Bc2 Rf8 38. Bxg6 Qb6+ 39. Kh1 fxg6 40. f7+
Kg7 41. e7 1-0

[Event "Liga Madrileña - DH 2016-2017"]
[Site "Madrid ESP"]
[Date "2016.12.10"]
[Round "3.46"]
[White "Martinez Rodriguez, Pablo"]
[Black "Palomino Menendez, Salvador"]
[Result "1/2-1/2"]
[WhiteElo "2277"]
[BlackElo "1932"]
[PlyCount "114"]
[EventDate "2016.11.20"]
[EventType "team-tourn"]
[EventRounds "14"]
[EventCountry "ESP"]
[SourceTitle "Ajedrez en Madrid"]
[Source "lmi"]
[SourceDate "2016.11.20"]
[WhiteTeam "Collado Villalba"]
[BlackTeam "64 Villalba"]
[WhiteTeamCountry "ESP"]
[BlackTeamCountry "ESP"]

1. e4 c5 2. f4 a6 3. Nf3 Nc6 4. g3 g6 5. Bg2 Bg7 6. O-O e6 7. d3 Nge7 8. c3 O-O
9. Be3 b6 10. Na3 d5 11. e5 Nf5 12. Bf2 h5 13. Nc2 Bb7 14. h3 Nh6 15. d4 Qe7
16. Re1 Rac8 17. Ne3 cxd4 18. Nxd4 Nxd4 19. Qxd4 Qc5 20. g4 Qxd4 21. cxd4 hxg4
22. hxg4 f6 23. exf6 Bxf6 24. g5 Bxd4 25. gxh6 Rxf4 26. Bg3 Rg4 27. Bf2 Bxe3
28. Rxe3 Rxg2+ 29. Kxg2 d4+ 30. Kg3 dxe3 31. Bxe3 b5 32. Bd4 Rc4 33. Be5 Kh7
34. Rf1 Kxh6 35. Rf4 Rxf4 36. Bxf4+ g5 37. Bd2 e5 38. Kg4 Bc8+ 39. Kf3 Kg6 40.
Ke4 Kf6 41. Bxg5+ Kxg5 42. Kxe5 Bd7 43. Kd6 Be8 44. Kc5 a5 45. a4 b4 46. Kb6
Kf4 47. Kxa5 b3 48. Kb4 Bf7 49. a5 Ke4 50. a6 Bd5 51. a7 Kd3 52. a8=Q Bxa8 53.
Kxb3 Kd4 54. Kb4 Be4 55. Ka5 Bf3 56. b4 Be2 57. b5 Bxb5 1/2-1/2

[Event "Liga Madrileña - DH 2016-2017"]
[Site "Madrid ESP"]
[Date "2016.12.18"]
[Round "4.11"]
[White "Candela Perez, Jose"]
[Black "Moreno Trujillo, Alejandro"]
[Result "0-1"]
[WhiteElo "2400"]
[BlackElo "2488"]
[PlyCount "90"]
[EventDate "2016.11.20"]
[EventType "team-tourn"]
[EventRounds "14"]
[EventCountry "ESP"]
[SourceTitle "Ajedrez en Madrid"]
[Source "lmi"]
[SourceDate "2016.11.20"]
[WhiteTeam "La Casa del Ajedrez"]
[BlackTeam "64 Villalba"]
[WhiteTeamCountry "ESP"]
[BlackTeamCountry "ESP"]

1. d4 Nf6 2. c4 e6 3. Nf3 d5 4. Nc3 Bb4 5. Qa4+ Nc6 6. Bg5 dxc4 7. a3 Bxc3+ 8.
bxc3 Qd5 9. Bxf6 gxf6 10. Qc2 f5 11. g3 b6 12. Bg2 Bb7 13. Nh4 Qa5 14. O-O
O-O-O 15. Nf3 Qd5 16. a4 Na5 17. Rab1 Nb3 18. Nh4 Qa5 19. Bxb7+ Kxb7 20. Nf3 f6
21. Nd2 Nxd2 22. Qxd2 Qxa4 23. Rb4 Qc6 24. Qa2 a6 25. Rxc4 Qd5 26. Rb1 Rd6 27.
Qa4 Rc6 28. Rxc6 Qxc6 29. Qb4 Qd6 30. Qb2 f4 31. c4 Rd8 32. e3 fxe3 33. fxe3
Qc6 34. c5 b5 35. Qa3 h5 36. Rf1 h4 37. g4 h3 38. Qa2 Rg8 39. Rf4 f5 40. e4
Rxg4+ 41. Rxg4 fxg4 42. Qe2 e5 43. Qe3 Qf6 44. d5 Qf3 45. c6+ Kc8 0-1

[Event "Liga Madrileña - DH 2016-2017"]
[Site "Madrid ESP"]
[Date "2016.12.18"]
[Round "4.12"]
[White "Rodriguez Cespedes, Amador"]
[Black "Suarez Uriel, Adrian"]
[Result "0-1"]
[WhiteElo "2424"]
[BlackElo "2354"]
[PlyCount "88"]
[EventDate "2016.11.20"]
[EventType "team-tourn"]
[EventRounds "14"]
[EventCountry "ESP"]
[SourceTitle "Ajedrez en Madrid"]
[Source "lmi"]
[SourceDate "2016.11.20"]
[WhiteTeam "64 Villalba"]
[BlackTeam "La Casa del Ajedrez"]
[WhiteTeamCountry "ESP"]
[BlackTeamCountry "ESP"]

1. e4 c5 2. Nf3 Nc6 3. d4 cxd4 4. Nxd4 g6 5. c4 Bg7 6. Be3 Nf6 7. Nc3 O-O 8.
Be2 d6 9. O-O Bd7 10. Qd2 Nxd4 11. Bxd4 Bc6 12. f3 Nd7 13. Be3 a5 14. Rab1 Nc5
15. Rfc1 e6 16. b3 Be5 17. Bf1 Qe7 18. Rd1 Qh4 19. f4 Bxc3 20. Qxc3 Nxe4 21.
Qd4 Rfe8 22. a3 e5 23. fxe5 dxe5 24. Qb2 Nf6 25. h3 Nh5 26. b4 axb4 27. axb4
Nf4 28. Kh2 Nxh3 29. gxh3 Qe4 30. Qf2 Qh1+ 31. Kg3 f5 32. Bc1 f4+ 33. Kh4 h6
34. Be2 Qe4 35. Bd3 g5+ 36. Kg4 Bd7+ 37. Kh5 Qc6 38. Bb2 Qe6 39. Qg2 Kg7 40.
Bxe5+ Qxe5 41. Qe4 Qxe4 42. Bxe4 Rxe4 43. Rd6 Ra6 44. Rxa6 bxa6 0-1

[Event "Liga Madrileña - DH 2016-2017"]
[Site "Madrid ESP"]
[Date "2016.12.18"]
[Round "4.13"]
[White "Elguezabal Varela, Daniel"]
[Black "Garrido Dominguez, Jesus"]
[Result "0-1"]
[WhiteElo "2345"]
[BlackElo "2395"]
[PlyCount "74"]
[EventDate "2016.11.20"]
[EventType "team-tourn"]
[EventRounds "14"]
[EventCountry "ESP"]
[SourceTitle "Ajedrez en Madrid"]
[Source "lmi"]
[SourceDate "2016.11.20"]
[WhiteTeam "La Casa del Ajedrez"]
[BlackTeam "64 Villalba"]
[WhiteTeamCountry "ESP"]
[BlackTeamCountry "ESP"]

1. d4 Nf6 2. Nf3 g6 3. g3 Bg7 4. c4 d6 5. Bg2 O-O 6. O-O c6 7. Nc3 Qa5 8. e4
Qa6 9. b3 Bg4 10. Be3 Nfd7 11. h3 Bxf3 12. Bxf3 Qa5 13. Qd2 c5 14. Rac1 Nc6 15.
dxc5 Nde5 16. Be2 dxc5 17. Nb1 Qxd2 18. Nxd2 Rfd8 19. Nf3 Nxf3+ 20. Bxf3 Bd4
21. Bf4 a5 22. e5 a4 23. Bxc6 bxc6 24. Rb1 axb3 25. axb3 Ra2 26. b4 cxb4 27.
Rxb4 Rc2 28. Rb7 Re8 29. Rd7 Rxc4 30. Rb1 Bc5 31. Rb2 Kg7 32. Kg2 h6 33. h4 Ra8
34. Rc7 Bb4 35. Rb7 Ra4 36. Rb8 Bc3 37. Rc2 Bd4 0-1